| 000 | 01780nam a2200289 i 4500 | ||
|---|---|---|---|
| 003 | DO-SdBNP | ||
| 005 | 20250711110625.0 | ||
| 007 | ta | ||
| 008 | 250710b2025 dr ||||| |||| 00| 0 spa d | ||
| 020 | _a9789945224184 | ||
| 040 |
_aDO-SdBNP _bspa _cBNPHU _erda |
||
| 082 |
_axxx _bR239 _222 |
||
| 100 | 1 |
_aRauber, Isabel _eautora _4aut. _953755 |
|
| 245 | 1 | 0 |
_aForo ciudadano : _bprotagonistas, trayecto y proyecto / _cIsabel Rauber ; prólogo, Guadalupe Valdez |
| 264 |
_aSanto Domingo : _bForo ciudadano RD, _bEditora Búho, _c2025. |
||
| 300 |
_a303 páginas ; _c23 cm. |
||
| 336 |
_atexto _btxt _2rdacontent |
||
| 337 |
_asin mediación _bn _2rdamedia |
||
| 338 |
_avolumen _bnc _2rdacarrier |
||
| 490 | 1 | _aUn foro para tod@s | |
| 500 | _aIncluye datos biografícos de la autora en la solapa de la cubierta. | ||
| 520 | _atrata sobre la experiencia de Foro Ciudadano en sus 25 años de trayectoria. Partiendo de un recorrido de antecedentes históricos de su surgimiento, basado en análisis bibliográfico, se pasa luego a un recorrido de su trayectoria, contando con el aporte testimonial de diversos protagonistas de Foro Ciudadano, que aportan sus visiones acerca de los diferentes momentos y ámbitos de desarrollo de Foro Cidadano. Finalmente las reflexiones se centran en los desafíos para este nuevo período, que caracterizan como una continuación de lo realizado, pero con las innovaciones necesarias que requiere la sociedad dominicano en este tiempo. Y proponen enfatizar el enriquecimiento de la organización con la incorporación de jóvenes, para lograr -lo que intuyen- será una fructífera renovación generacional. | ||
| 590 | _aInventariado, 2025/ YL | ||
| 700 | 1 |
_aValdez, Guadalupe _eprólogo _4pr. _914014 |
|
| 910 | _aYLockward | ||
| 942 |
_2ddc _cLBS1 |
||
| 999 |
_c59487 _d59487 |
||